[Event "New Delhi Matrix op 3rd"]
[Site "New Delhi"]
[Date "2024.04.09"]
[Round "8"]
[White "Kumar, Gaurav"]
[Black "Aronyak, Ghosh"]
[Result "0-1"]
[WhiteElo "2083"]
[BlackElo "2517"]
[PlyCount "72"]
[EventDate "2024.04.06"]
[EventType "swiss"]
[EventRounds "9"]
[EventCountry "IND"]
[SourceTitle "CB16_2024"]
[SourceDate "2024.04.17"]
[SourceVersion "1"]
[SourceVersionDate "2024.04.17"]
[SourceQuality "1"]

1. Nf3 Nf6 2. c4 b6 3. g3 c5 4. Bg2 Bb7 5. Nc3 g6 6. 0-0 Bg7 7. d3 0-0 8. e4 Nc6 9. h3 e6 10. e5 Ne8 11. Bg5 Qb8 12. Qd2 d6 13. exd6 Nxd6 14. Bh6 Rd8 15. Bxg7 Kxg7 16. b3 Nf5 17. Ne4 Nfd4 18. Nxd4 Rxd4 19. Rad1 Qc7 20. h4 h6 21. h5 gxh5 22. Nc3 Rg4 23. Ne2 Nd4 24. Nxd4 Rxd4 25. Bxb7 Qxb7 26. Qe2 h4 27. f4 Rg8 28. gxh4 Kh7+ 29. Kh2 Qe7 30. Qh5 Qf6 31. Kh1 Rg3 32. Kh2 Rg6 33. Kh1 e5 34. Rf2 Rxf4 35. Rxf4 exf4 36. Rf1 f3 0-1

[Event "New Delhi Matrix op 3rd"]
[Site "New Delhi"]
[Date "2024.04.08"]
[Round "5"]
[White "Aronyak, Ghosh"]
[Black "Shreyash, Singh"]
[Result "1-0"]
[WhiteElo "2517"]
[BlackElo "1853"]
[PlyCount "77"]
[EventDate "2024.04.06"]
[EventType "swiss"]
[EventRounds "9"]
[EventCountry "IND"]
[SourceTitle "CB16_2024"]
[SourceDate "2024.04.17"]
[SourceVersion "1"]
[SourceVersionDate "2024.04.17"]
[SourceQuality "1"]

1. Nf3 Nf6 2. g3 d5 3. Bg2 c6 4. 0-0 Bg4 5. d3 Nbd7 6. h3 Bxf3 7. Bxf3 e5 8. e4 dxe4 9. dxe4 Nc5 10. Qe2 Qc7 11. a4 a5 12. Nd2 Ne6 13. c3 Bc5 14. Nc4 0-0 15. h4 Rad8 16. Bg2 Rfe8 17. Bh3 Ba7 18. Be3 Bxe3 19. Qxe3 h6 20. f3 Rd7 21. Rf2 c5 22. Rd2 Rxd2 23. Qxd2 Rd8 24. Qc2 g5 25. Bxe6 fxe6 26. hxg5 hxg5 27. g4 Rd7 28. Qh2 Rd3 29. Qxe5 Qxe5 30. Nxe5 Rd2 31. Nc4 Re2 32. Ra3 Nd7 33. Kf1 Rh2 34. Rb3 b6 35. Rb5 Kf7 36. Nxb6 Ne5 37. Rxc5 Nxf3 38. Nc4 Ke7 39. Rxa5 1-0

[Event "IND-ch Blitz"]
[Site "Nashik"]
[Date "2024.03.07"]
[Round "2"]
[White "Aronyak, Ghosh"]
[Black "Lad, Mandar Pradip"]
[Result "1/2-1/2"]
[WhiteElo "2417"]
[BlackElo "2010"]
[PlyCount "132"]
[EventDate "2024.03.07"]
[EventType "swiss (blitz)"]
[EventRounds "11"]
[EventCountry "IND"]
[SourceTitle "CB11_2024"]
[SourceDate "2024.03.13"]
[SourceVersion "1"]
[SourceVersionDate "2024.03.13"]
[SourceQuality "1"]

1. Nf3 d5 2. g3 Nc6 3. d4 Bf5 4. Bg2 e6 5. 0-0 Nb4 6. Na3 Nf6 7. Ne5 Be7 8. c3 Nc6 9. Qa4 Bd6 10. Nxc6 Qd7 11. Nb5 bxc6 12. Nxd6+ cxd6 13. Bf4 0-0 14. Rfc1 Rfc8 15. c4 Be4 16. f3 Bg6 17. Qa3 dxc4 18. Qxd6 Qb7 19. Qa3 Nd5 20. Bd6 Nb6 21. e4 Rd8 22. Bc5 h6 23. Bf1 Rd7 24. Bxc4 Nxc4 25. Rxc4 a5 26. Rac1 f5 27. e5 f4 28. g4 Qb5 29. Qb3 Rb8 30. Qxb5 cxb5 31. R4c3 b4 32. Rc4 Bd3 33. Bd6 Bxc4 34. Rxc4 Rb5 35. Kf2 Rd5 36. Ke2 R7xd6 37. exd6 Rxd6 38. Kd3 e5 39. Ke4 exd4 40. Rxd4 Re6+ 41. Kxf4 Re2 42. a3 Rxb2 43. Rd8+ Kh7 44. axb4 axb4 45. h4 Rb1 46. Rb8 b3 47. Kf5 b2 48. f4 Rc1 49. Rxb2 Rc5+ 50. Ke4 Rc4+ 51. Ke5 Rc5+ 52. Kd4 Ra5 53. Rc2 Ra3 54. Ke4 Rg3 55. g5 hxg5 56. hxg5 Kg6 57. Rc6+ Kh5 58. Kf5 Ra3 59. Re6 Ra5+ 60. Re5 Ra6 61. Rd5 Rb6 62. Rd7 g6+ 63. Ke5 Kg4 64. Rf7 Rb5+ 65. Kf6 Kxf4 66. Kxg6+ Kg4 1/2-1/2

[Event "IND-ch Blitz"]
[Site "Nashik"]
[Date "2024.03.07"]
[Round "4"]
[White "Aronyak, Ghosh"]
[Black "Sharma, Harish1"]
[Result "1-0"]
[WhiteElo "2417"]
[BlackElo "2117"]
[PlyCount "83"]
[EventDate "2024.03.07"]
[EventType "swiss (blitz)"]
[EventRounds "11"]
[EventCountry "IND"]
[SourceTitle "CB11_2024"]
[SourceDate "2024.03.13"]
[SourceVersion "1"]
[SourceVersionDate "2024.03.13"]
[SourceQuality "1"]

1. Nf3 e6 2. d4 d5 3. Bf4 Bd6 4. e3 f5 5. c4 c6 6. Nbd2 Nf6 7. Be2 Qe7 8. 0-0 0-0 9. c5 Bc7 10. b4 a6 11. a4 Qd8 12. b5 axb5 13. axb5 Rxa1 14. Qxa1 Nbd7 15. b6 Bxf4 16. exf4 Ne4 17. Nb3 g5 18. Qc1 h6 19. Ne5 gxf4 20. f3 Nxe5 21. dxe5 Ng5 22. Qxf4 Qe7 23. Bd3 Qg7 24. Kh1 Bd7 25. Ra1 Nf7 26. Re1 Ra8 27. Bf1 Ra2 28. Qe3 Ra3 29. f4 Nh8 30. Ra1 Rxa1 31. Nxa1 Ng6 32. Nb3 Ne7 33. Kg1 Qg4 34. Be2 Qg6 35. Qg3 Qxg3 36. hxg3 Kg7 37. g4 Kg6 38. Nd4 fxg4 39. Bxg4 Kf7 40. Kf2 Ng6 41. Kg3 Ke7 42. Bh5 1-0

[Event "IND-ch Rapid"]
[Site "Nashik"]
[Date "2024.03.06"]
[Round "11"]
[White "Raja, Rithvik R"]
[Black "Aronyak, Ghosh"]
[Result "1/2-1/2"]
[WhiteElo "2387"]
[BlackElo "2422"]
[PlyCount "46"]
[EventDate "2024.03.04"]
[EventType "swiss (rapid)"]
[EventRounds "11"]
[EventCountry "IND"]
[SourceTitle "CB11_2024"]
[SourceDate "2024.03.13"]
[SourceVersion "1"]
[SourceVersionDate "2024.03.13"]
[SourceQuality "1"]

1. d4 Nf6 2. c4 e6 3. Nf3 b6 4. g3 Bb7 5. Bg2 Bb4+ 6. Bd2 c5 7. Bxb4 cxb4 8. 0-0 a5 9. a3 Na6 10. axb4 Nxb4 11. Nc3 0-0 12. Qd2 Rc8 13. b3 Ne4 14. Nxe4 Bxe4 15. Ne5 Bxg2 16. Kxg2 d6 17. Nd3 Nxd3 18. Qxd3 d5 19. Rfc1 Qd6 20. Qc3 Rc6 21. c5 Qb8 22. Qd2 h6 23. Rab1 Qa8 1/2-1/2

[Event "IND-ch Rapid"]
[Site "Nashik"]
[Date "2024.03.04"]
[Round "1"]
[White "Bhogal, Rupesh"]
[Black "Aronyak, Ghosh"]
[Result "0-1"]
[WhiteElo "1729"]
[BlackElo "2422"]
[PlyCount "60"]
[EventDate "2024.03.04"]
[EventType "swiss (rapid)"]
[EventRounds "11"]
[EventCountry "IND"]
[SourceTitle "CB11_2024"]
[SourceDate "2024.03.13"]
[SourceVersion "1"]
[SourceVersionDate "2024.03.13"]
[SourceQuality "1"]

1. e4 c6 2. d4 d5 3. f3 g6 4. e5 Bg7 5. Bd3 c5 6. c3 Nc6 7. Ne2 Qb6 8. 0-0 cxd4 9. cxd4 Nxe5 10. Bc2 Nc6 11. Be3 Nf6 12. Nbc3 0-0 13. Qd2 Bd7 14. Nf4 e6 15. Nd3 Rfc8 16. Ne5 Qd8 17. Bg5 Be8 18. Ng4 h5 19. Ne5 Qb6 20. Be3 Qxb2 21. Rab1 Qa3 22. Rxb7 Nxe5 23. Rb3 Nc4 24. Rxa3 Nxd2 25. Bxd2 Nd7 26. Be3 Nb6 27. Bd3 Nc4 28. Bxc4 Rxc4 29. Ne2 Rc2 30. Rc1 Rxe2 0-1

[Event "Bangalore op 1st"]
[Site "Bangalore"]
[Date "2024.01.24"]
[Round "8"]
[White "Aronyak, Ghosh"]
[Black "Omidi, Arya"]
[Result "1-0"]
[WhiteElo "2541"]
[BlackElo "2301"]
[PlyCount "128"]
[EventDate "2024.01.18"]
[EventType "swiss"]
[EventRounds "10"]
[EventCountry "IND"]
[SourceTitle "CB05_2024"]
[SourceDate "2024.01.31"]
[SourceVersion "1"]
[SourceVersionDate "2024.01.31"]
[SourceQuality "1"]

1. c4 e5 2. g3 c6 3. d4 e4 4. Qa4 Na6 5. a3 f5 6. Nc3 Nf6 7. Nh3 Be7 8. Nf4 0-0 9. h4 d6 10. e3 Nc7 11. d5 Ng4 12. Be2 Ne5 13. Qc2 c5 14. b3 a6 15. Bb2 b5 16. Rd1 Rb8 17. Kf1 g6 18. cxb5 axb5 19. a4 bxa4 20. bxa4 Bf6 21. Nb5 Nxb5 22. axb5 Qe7 23. Bxe5 Qxe5 24. Bc4 Bd7 25. Rb1 Rb6 26. Qa2 Rfb8 27. Ne6 R8b7 28. Kg2 h6 29. Rhd1 Qc3 30. Rdc1 Qe5 31. Rd1 Qc3 32. Rdc1 Qe5 33. Qe2 Bxe6 34. dxe6 d5 35. Ba2 Be7 36. Rd1 c4 37. Qd2 Rd6 38. Qa5 Rbb6 39. Qa7 Qxe6 40. Rxd5 Qxd5 41. Qxe7 Rb7 42. Qe8+ Kg7 43. h5 gxh5 44. Rc1 Qxb5 45. Qc8 Rc6 46. Qd8 Qb6 47. Qe8 Qc7 48. Rd1 Rd6 49. Rc1 Qf7 50. Qa4 Ra7 51. Qb4 Rc6 52. Bxc4 Qf8 53. Qb2+ Rf6 54. Be6 Qa3 55. Rc7+ Kg6 56. Bxf5+ Kxf5 57. Qb5+ Kg6 58. Qe8+ Kf5 59. Qxh5+ Ke6 60. Qe8+ Kf5 61. Qd7+ Kg5 62. Qg7+ Kf5 63. Rxa7 Qc5 64. Qh7+ Rg6 1-0

[Event "Chennai op 14th"]
[Site "Chennai"]
[Date "2024.01.07"]
[Round "10"]
[White "Aronyak, Ghosh"]
[Black "Murali Krishnan, BT."]
[Result "1/2-1/2"]
[WhiteElo "2545"]
[BlackElo "2181"]
[PlyCount "60"]
[EventDate "2023.12.31"]
[EventType "swiss"]
[EventRounds "10"]
[EventCountry "IND"]
[SourceTitle "CB02_2024"]
[SourceDate "2024.01.10"]
[SourceVersion "1"]
[SourceVersionDate "2024.01.10"]
[SourceQuality "1"]

1. c4 e6 2. Nc3 d5 3. d4 Nf6 4. cxd5 Nxd5 5. Nf3 c5 6. g3 cxd4 7. Nxd5 Qxd5 8. Qxd4 Qxd4 9. Nxd4 Bb4+ 10. Bd2 Bxd2+ 11. Kxd2 Bd7 12. Bg2 Nc6 13. Nb3 b6 14. Rhc1 Rc8 15. Rc4 Ke7 16. Rac1 Ne5 17. Rc7 Rxc7 18. Rxc7 Rc8 19. Rxc8 Bxc8 20. Nd4 Bd7 21. b3 Ng4 22. f3 e5 23. Nc2 Nh6 24. e4 f6 25. Bf1 Nf7 26. Ke3 Be6 27. Nb4 a5 28. Nd3 Kd6 29. Nb2 Kc6 30. Bc4 Bxc4 1/2-1/2

[Event "Chennai op 14th"]
[Site "Chennai"]
[Date "2023.12.31"]
[Round "1"]
[White "Ritesh, Maddukuri"]
[Black "Aronyak, Ghosh"]
[Result "0-1"]
[WhiteElo "1504"]
[BlackElo "2545"]
[PlyCount "62"]
[EventDate "2023.12.31"]
[EventType "swiss"]
[EventRounds "10"]
[EventCountry "IND"]
[SourceTitle "CB02_2024"]
[SourceDate "2024.01.10"]
[SourceVersion "1"]
[SourceVersionDate "2024.01.10"]
[SourceQuality "1"]

1. d4 Nf6 2. Nc3 d5 3. Bf4 Bf5 4. e3 e6 5. f3 Be7 6. g4 Bg6 7. h4 h5 8. g5 Nfd7 9. Nh3 c5 10. Nb5 0-0 11. Bc7 Qc8 12. Nf4 a6 13. Nxg6 fxg6 14. Bxb8 Qxb8 15. Nc3 Qg3+ 16. Kd2 cxd4 17. exd4 Rxf3 18. Qe1 Qf4+ 19. Kd1 Qxd4+ 20. Kc1 Nc5 21. Qd2 Qe5 22. Bg2 Re3 23. Rd1 Rf8 24. a3 Rf4 25. Bxd5 Rxh4 26. Bg2 Bxg5 27. Kb1 Rg3 28. Qf2 Rxc3 29. bxc3 Na4 30. Rd3 Qb5+ 31. Ka2 Qb2# 0-1

[Event "IND-ch 60th"]
[Site "Pune"]
[Date "2023.08.22"]
[Round "7"]
[White "Mitrabha, Guha"]
[Black "Aronyak, Ghosh"]
[Result "1/2-1/2"]
[WhiteElo "2505"]
[BlackElo "2538"]
[PlyCount "30"]
[EventDate "2023.08.16"]
[EventType "swiss"]
[EventRounds "11"]
[EventCountry "IND"]
[SourceTitle "EXT 2024"]
[Source "ChessBase"]
[SourceDate "2023.10.10"]
[SourceVersion "1"]
[SourceVersionDate "2023.10.10"]
[SourceQuality "1"]

1. d4 Nf6 2. c4 e6 3. Nc3 Bb4 4. e3 b6 5. Bd2 Bb7 6. Nf3 0-0 7. Bd3 c5 8. 0-0 cxd4 9. exd4 d5 10. cxd5 Nxd5 11. Rc1 Nd7 12. Bg5 Be7 13. Bd2 Bb4 14. Bg5 Be7 15. Bd2 Bb4 1/2-1/2

[Event "Asian Continental op 20th"]
[Site "Almaty"]
[Date "2023.06.10"]
[Round "8"]
[White "Puranik, Abhimanyu Sameer"]
[Black "Aronyak, Ghosh"]
[Result "1-0"]
[WhiteElo "2602"]
[BlackElo "2534"]
[PlyCount "77"]
[EventDate "2023.06.04"]
[EventType "swiss"]
[EventRounds "9"]
[EventCountry "KAZ"]
[SourceTitle "CBM 214 Extra"]
[Source "ChessBase"]
[SourceDate "2023.07.31"]
[SourceVersion "1"]
[SourceVersionDate "2023.07.31"]
[SourceQuality "1"]

1. e4 c5 2. Nf3 d6 3. d4 cxd4 4. Nxd4 Nf6 5. Nc3 a6 6. Qd3 Nbd7 7. Be2 Nc5 8. Qe3 e5 9. Nb3 Ne6 10. Bd2 Be7 11. g3 b6 12. f4 Bb7 13. Bf3 exf4 14. gxf4 d5 15. exd5 Nxd5 16. Nxd5 Bh4+ 17. Kd1 Bxd5 18. f5 Bg5 19. Qe2 Bxb3 20. axb3 Bxd2 21. Bc6+ Ke7 22. fxe6 Bg5+ 23. Bd7 Qc7 24. exf7+ Kxd7 25. Qg4+ Kc6 26. Qg2+ Kd6 27. Qxg5 Qxf7 28. Kc1 b5 29. b4 Rhc8 30. Ra3 Rc4 31. Rd1+ Kc7 32. Qg2 Rc6 33. Rc3 Rxc3 34. Qxa8 Qf4+ 35. Kb1 Rc4 36. Qa7+ Kc8 37. Qxa6+ Kc7 38. Qa7+ Kc8 39. Qd7+ 1-0

[Event "Asian Continental op 20th"]
[Site "Almaty"]
[Date "2023.06.07"]
[Round "5"]
[White "Aronyak, Ghosh"]
[Black "Dushyant, Sharma"]
[Result "1-0"]
[WhiteElo "2534"]
[BlackElo "2345"]
[PlyCount "105"]
[EventDate "2023.06.04"]
[EventType "swiss"]
[EventRounds "9"]
[EventCountry "KAZ"]
[SourceTitle "CBM 214 Extra"]
[Source "ChessBase"]
[SourceDate "2023.07.31"]
[SourceVersion "1"]
[SourceVersionDate "2023.07.31"]
[SourceQuality "1"]

1. c4 e6 2. Nc3 d5 3. d4 Be7 4. Nf3 Nf6 5. Bf4 0-0 6. e3 b6 7. Be2 Bb7 8. 0-0 c5 9. dxc5 Bxc5 10. Qa4 Qd7 11. Qc2 dxc4 12. Ne5 Qc8 13. Nxc4 Nd5 14. Nxd5 Bxd5 15. Rfc1 Qb7 16. Nd6 Bxd6 17. Bxd6 Rd8 18. f3 Na6 19. Bg3 b5 20. b3 Qb6 21. Bf2 Bb7 22. e4 Qa5 23. Qc3 Qa3 24. Bxb5 Rac8 25. Bc4 Bd5 26. exd5 exd5 27. Bh4 Re8 28. Re1 dxc4 29. Rxe8+ Rxe8 30. Qxc4 h6 31. h3 Nb4 32. Rd1 Nxa2 33. Be1 a5 34. Qb5 Rc8 35. Bxa5 Rc1 36. Qe8+ Kh7 37. Qe4+ Kg8 38. Rxc1 Nxc1 39. b4 Nd3 40. Kh2 f6 41. Bc7 Qc3 42. Bd6 Ne1 43. Bg3 Nc2 44. b5 Ne3 45. Bf4 Nxg2 46. Qd5+ Kh7 47. Kxg2 Qb2+ 48. Kf1 g5 49. Be3 Qb1+ 50. Ke2 Qb2+ 51. Kd3 Qa3+ 52. Kc2 Kg6 53. Qd3+ 1-0

[Event "Asian Continental blitz op 20th"]
[Site "Almaty"]
[Date "2023.06.03"]
[Round "7"]
[White "Makhnev, Denis"]
[Black "Aronyak, Ghosh"]
[Result "1-0"]
[WhiteElo "2483"]
[BlackElo "2534"]
[PlyCount "67"]
[EventDate "2023.06.03"]
[EventType "swiss (blitz)"]
[EventRounds "9"]
[EventCountry "KAZ"]
[SourceTitle "CBM 214 Extra"]
[Source "ChessBase"]
[SourceDate "2023.07.31"]
[SourceVersion "1"]
[SourceVersionDate "2023.07.31"]
[SourceQuality "1"]

1. d4 d5 2. c4 dxc4 3. Nf3 Nf6 4. e3 e6 5. Bxc4 c5 6. 0-0 Nc6 7. Ne5 cxd4 8. Nxc6 bxc6 9. exd4 Be7 10. Nc3 0-0 11. Na4 a5 12. Be3 Nd5 13. Qe2 Rb8 14. Rac1 Nb6 15. Nxb6 Qxb6 16. b3 Qb4 17. Bd3 Bd7 18. Rc4 Qb7 19. Rfc1 Ra8 20. Be4 a4 21. bxa4 Ra6 22. Qc2 h6 23. Bxc6 Bxc6 24. Rxc6 Rfa8 25. Rc7 Qb4 26. Rb1 Qd6 27. Rbb7 Bf6 28. Rxf7 Rc6 29. Qg6 Qxd4 30. h3 Qe5 31. g3 Rd8 32. Bxh6 Rd1+ 33. Kh2 Qd5 34. Rxg7+ 1-0